000 00294nam a2200121Ia 4500
008 190216s9999||||xx |||||||||||||| ||und||
100 _aDeshpande J V
245 0 _aMathematical Analysis And Applications
260 _bNarosa Pubs House
300 _a341
650 _aMathematics
942 _cBK
999 _c32179
_d32179